[Event "AUT-ch Vor3 Internet"]
[Site "Playchess.com INT"]
[Date "2020.04.17"]
[Round "5"]
[White "Jeitler, Selina"]
[Black "Lager, Johannes"]
[Result "0-1"]
[WhiteElo "1201"]
[BlackElo "1611"]
[PlyCount "76"]
[EventDate "2020.04.17"]
[EventType "swiss (blitz)"]
[EventRounds "9"]
[EventCountry "AUT"]
[SourceTitle "CBM 195 Extra"]
[Source "ChessBase"]
[SourceDate "2020.05.31"]
[SourceVersion "1"]
[SourceVersionDate "2020.05.31"]
[SourceQuality "1"]

1. e4 c5 2. Nf3 d6 3. d4 cxd4 4. Nxd4 Nf6 5. Nc3 a6 6. Be3 e6 7. f4 Be7 8. Bd3 0-0 9. Qf3 Nc6 10. 0-0 Bd7 11. Qh3 e5 12. Nf5 Kh8 13. Qg3 Bxf5 14. exf5 Nh5 15. Qg4 exf4 16. Bxf4 Nxf4 17. Rxf4 Bf6 18. Qh3 Ne5 19. Nd5 Nxd3 20. cxd3 Bxb2 21. Rb1 Be5 22. Rh4 h6 23. Rxb7 Qc8 24. Rc7 Qb8 25. Rc1 Qb5 26. Qf3 Rac8 27. Rxc8 Rxc8 28. f6 Rc1+ 29. Kf2 Qc5+ 30. Ne3 Bxf6 31. Qa8+ Kh7 32. Qxa6 Bd4 33. Re4 Rc2+ 34. Kf3 Qf5+ 35. Rf4 Qh5+ 36. g4 Qh3+ 37. Ke4 Qxe3+ 38. Kd5 Qe5# 0-1

[Event "AUT-ch Vor3 Internet"]
[Site "Playchess.com INT"]
[Date "2020.04.17"]
[Round "8"]
[White "Lager, Johannes"]
[Black "Mayrhuber, Nikola"]
[Result "0-1"]
[WhiteElo "1611"]
[BlackElo "2025"]
[PlyCount "178"]
[EventDate "2020.04.17"]
[EventType "swiss (blitz)"]
[EventRounds "9"]
[EventCountry "AUT"]
[SourceTitle "CBM 195 Extra"]
[Source "ChessBase"]
[SourceDate "2020.05.31"]
[SourceVersion "1"]
[SourceVersionDate "2020.05.31"]
[SourceQuality "1"]

1. e4 e6 2. d4 d5 3. exd5 exd5 4. Bd3 c5 5. dxc5 Bxc5 6. Nf3 Nf6 7. 0-0 0-0 8. Bg5 Bg4 9. Nbd2 h6 10. Bh4 Nc6 11. c3 Re8 12. Qc2 a6 13. Rfe1 Qd6 14. Bg3 Qf8 15. Bf5 Bd6 16. Bxg4 Nxg4 17. Nb3 Bxg3 18. hxg3 Re6 19. Nbd4 Rf6 20. Rf1 Qd6 21. Qb3 Na5 22. Qc2 Nc4 23. Nd2 Nce5 24. N2f3 Nc4 25. Rad1 Re8 26. Qb3 Na5 27. Qc2 Qb6 28. Nh2 Nxh2 29. Kxh2 Nc4 30. Qb3 Nxb2 31. Qxb6 Rxb6 32. Rb1 Nc4 33. Rxb6 Nxb6 34. Rd1 Na4 35. Rd3 Rc8 36. Ne2 Rc5 37. g4 b5 38. Kg3 f6 39. f3 Kf7 40. Kf4 Rc4+ 41. Kg3 Ke6 42. Nd4+ Kf7 43. Ne2 Rc5 44. f4 a5 45. Kf3 b4 46. cxb4 axb4 47. Nd4 Nc3 48. Nc2 Nxa2 49. Ne1 Nc3 50. Nc2 Rb5 51. Nxb4 Rxb4 52. Rxc3 Rb6 53. Rc7+ Ke6 54. Rc3 Rd6 55. Re3+ Kf7 56. f5 g6 57. Rb3 gxf5 58. gxf5 h5 59. g4 hxg4+ 60. Kxg4 d4 61. Rb7+ Ke8 62. Kf4 Kd8 63. Ke4 Kc8 64. Ra7 Kb8 65. Ra3 Kc7 66. Rd3 Kc6 67. Rxd4 Rxd4+ 68. Kxd4 Kd6 69. Ke4 Kc5 70. Kd3 Kd5 71. Ke3 Ke5 72. Kf3 Kxf5 73. Kg3 Ke4 74. Kf2 Kf4 75. Ke1 Kf3 76. Kf1 f5 77. Ke1 Kg2 78. Ke2 f4 79. Ke1 f3 80. Kd2 f2 81. Ke3 f1Q 82. Ke4 Qc4+ 83. Ke5 Kf3 84. Kf6 Qd5 85. Ke7 Kf4 86. Ke8 Qb7 87. Kf8 Kf5 88. Kg8 Kg6 89. Kh8 Qh7# 0-1